Afrika - Hoofdsteden op basis van vlaggen - Statistieken

Algemene statistieken
  • Deze quiz is 8 keer genomen
  • De gemiddelde score is 33 van 54
Antwoordstatistieken
Foto Antwoord % Correct
Caïro
100%
Nairobi
100%
Rabat
100%
Abuja
80%
Kampala
80%
Luanda
80%
Mogadishu
80%
Pretoria | Kaapstad | Bloemfontein
80%
Tripoli
80%
Tunis
80%
Victoria
80%
Antananarivo
60%
Asmara
60%
Bamako
60%
Bissau
60%
Brazzaville
60%
Ciudad de la Paz
60%
Dakar
60%
Djibouti
60%
Dodoma
60%
Freetown
60%
Gaborone
60%
Gitega
60%
Juba | Djoeba
60%
Khartoem
60%
Kigali
60%
Kinshasa
60%
Lilongwe
60%
Lomé
60%
Lusaka
60%
Maseru
60%
Mbabane | Lobamba
60%
Monrovia
60%
Moroni
60%
Ndjamena
60%
Niamey
60%
Nouakchott
60%
Ouagadougou
60%
Port Louis
60%
Porto-Novo
60%
Sao Tomé
60%
Windhoek
60%
Yamoussoukro
60%
Yaoundé
60%
Accra
40%
Addis Abeba
40%
Algiers
40%
Bangui
40%
Banjul
40%
Conakry
40%
Harare
40%
Libreville
40%
Maputo
40%
Praia
40%
Geen overeenkomende quizzen gevonden
Scoreverdeling
Procent van Mensen met Elke Score
Percentiel versus Aantal Correcte Antwoorden
Uw Scoregeschiedenis
U heeft deze quiz nog niet genomen